Phát triển công nghiệp nông thôn ở Đồng Bằng Sông Cửu Long theo hướng công nghiệp hóa, hiện đại hóa

Đã lưu trong:
Sonraí Bibleagrafaíochta
Príomhúdar: Hoàng Ngọc Hòa
Formáid: Leabhar
Teanga:Undetermined
Foilsithe: Hà Nội Chính Trị Quốc Gia 2001
Ábhair:
Clibeanna: Cuir Clib Leis
Gan Chlibeanna, Bí ar an gcéad duine leis an taifead seo a chlibeáil!
Thư viện lưu trữ: Trung tâm Học liệu Trường Đại học Cần Thơ
LEADER 00681nam a2200169Ia 4500
001 CTU_43725
008 210402s9999 xx 000 0 und d
082 |a 338.161 
082 |b H401 
100 |a Hoàng Ngọc Hòa 
245 0 |a Phát triển công nghiệp nông thôn ở Đồng Bằng Sông Cửu Long theo hướng công nghiệp hóa, hiện đại hóa 
245 0 |c Hoàng Ngọc Hòa, Nguyễn Văn Thạo, Phạm Châu Long 
260 |a Hà Nội 
260 |b Chính Trị Quốc Gia 
260 |c 2001 
650 |a agriculture - economic aspects,farm mechanization 
980 |a Trung tâm Học liệu Trường Đại học Cần Thơ